| 000 | 01227nam a22002537a 4500 | ||
|---|---|---|---|
| 005 | 20101013142843.0 | ||
| 008 | 101012t xxu||||| |||| 00| 0 hin d | ||
| 010 | _aHIN-90875 | ||
| 020 |
_a8189076191 _c300.00 |
||
| 035 | _aHN-63221 | ||
| 037 | _bDBAD / PUB | ||
| 040 |
_aDPL _bHN |
||
| 082 | _a200.820 954 | ||
| 100 |
_aश्रीवास्तव, पूजा _923391 |
||
| 245 |
_aभारतीय नारी का धर्मशास्त्रीय अध्ययन / _cपूजा श्रीवास्तव |
||
| 246 |
_aBhartiya nari dharmshashtriya addhyayan _bby Pooja Shrivastava |
||
| 260 |
_aकानपुर _bअराधना ब्रदर्स _c2009 |
||
| 270 |
_a124/152-सी ब्लाक, गोविन्द नगर _bकानपुर _e208006 _k0512-2651490, (#) 9935007102 |
||
| 300 |
_a213पृ. _c22सेमी (सजिल्द) |
||
| 650 | _9657 | ||
| 700 | _923392 | ||
| 942 |
_2ddc _cBN _h200.820 954 _mश्रीवास्त |
||
| 999 |
_c48422 _d48422 |
||